Language Quiz

Random Language or Letter Quiz

Begins & Ends With Same Letter (5-Letter Words) Quiz Stats

 Plays Quiz Updated Feb 14, 2020

Support Sporcle.
Go Orange.
Score 0/42 Timer 06:00
4 Plays Today
Clue Word % Correct
Dominant male (A)Alpha
93.7%
Sports venue (A)Arena
93.3%
Canoe-like boat (K)Kayak
91.4%
Wife of the deceased (W)Widow
91.4%
______ & confused (D)Dazed
89.9%
Shaving need (R)Razor
88.4%
Aircraft detecting device (R)Radar
88.3%
Elastic synthetic fabric (N)Nylon
88.2%
Polite address to a woman (M)Madam
88.2%
To make a photocopy (X)Xerox
87%
Genders (S)Sexes
86.9%
Act of departing (G)Going
86.2%
2 below par hole (E)Eagle
85.3%
Unswerving in allegiance (L)Loyal
84.5%
Small merchandise stand (K)Kiosk
84.1%
Phone-computer connector (M)Modem
83.7%
Hilo hello (A)Aloha
81%
To fear greatly (D)Dread
78.3%
280 character or less post (T)Tweet
78.1%
Strong intuitive feeling (H)Hunch
74.1%
Somewhat fleshy or fat (P)Plump
73.6%
Clue Word % Correct
Short publicity notice (B)Blurb
70.7%
To avoid adroitly (E)Elude/Evade
69.1%
Soviet labor camp (G)Gulag
68.7%
Illicitly made liquor (H)Hooch
67%
Turned back garment part (L)Lapel
66.9%
Projecting growth on colon (P)Polyp
66%
Revolving part (R)Rotor
66%
Not general or widespread (L)Local
65.1%
Lovers’ secret hookup (T)Tryst
65%
Something inconsequential (F)Fluff
59.6%
Pounding noise (K)Knock
59.1%
Poster of famous person (P)Pinup
57.6%
Abundant or copious flow (R)River
53.8%
To one-up (O)Outdo
53.7%
General truth or principle (M)Maxim
45.2%
Practice music piece (E)Étude
42.7%
Silently implied (T)Tacit
38.9%
Of third degree or power (C)Cubic
38.9%
Unduly exacting (H)Harsh
38.6%
Descriptive word or phrase (L)Label
37.5%
Faultfinding critic (C)Cynic
34%

From the Vault

Countries: Before 'Y'

by fish317

Why, oh Y, do you do the things you do?
Remove Ads.
Support Sporcle.
Get the best of Sporcle when you Go Orange. This ad-free experience offers more features, more stats, and more fun while also helping to support Sporcle. Thank you for becoming a member.

Show Comments

Extras

Top Quizzes Today


Score Distribution

Your Account Isn't Verified!

In order to create a playlist on Sporcle, you need to verify the email address you used during registration. Go to your Sporcle Settings to finish the process.

Report this User

Report this user for behavior that violates our Community Guidelines.

Details: